000 01695cam a22004214i 4500
003 PE-LiUPU
005 20250731173252.0
008 150625s r 000 0 d
035 _a(Sirsi) a35602
040 _aPE-LiUPU
_bspa
_cPE-LiUPU
_erda
082 0 4 _a232.1345
_bE24
_221
110 2 _aEdiciones Cristianas
245 1 0 _aPentateuco II :
_bLevitico*Números*Deuteronomio /
_cEdiciones Cristianas.
264 1 _aEspaña :
_bCristiandad,
_c1969.
300 _a404 páginas ;
_c18.5 cm.
336 _atext
_2rdacontent
337 _aunmediated
_2rdamedia
338 _avolume
_2rdacarrier
505 0 _aNúmeros. -Sacrificios y sacerdotes. -Pureza ritual y expiación. -Código de la santidad, bendiciones y maldiciones. -En el desierto de Sinaí. -De Sinaí a Cades. -De Cades al Jordan. -Deuteronomio. -Introduccion histórica. -Decálogo y parentesis. -Cuerpo legal. -Autoridades. -Bendiciones y maldiciones. -Alianza en Moab. -Ultimas disposiciones y muerte de Moisés.
526 _aSEG42
526 _aSEG41
526 _aSEG40
526 _aSEG39
526 _aP94
526 _aP87
526 _aP86
526 _aP85
526 _aP77
526 _aP76
526 _aP35
630 _aBiblia.
_pA.T.
_pPentateuco
_xComentarios.
910 _a
942 _2ddc
_cBOOK
949 _a232.1345 E24
_wDEWEY
_c1
_i36833
_lCCODEBUL1
_mBUL
_p00.00
_r0
_sY
_tBOOK
_u2015-06-25
_xBIBLIOTECA
_zUNKNOWN
_0COMPRA
_o.STAFF. Colección General
596 _a1
999 _a232.1345 E24
_wDEWEY
_c43585
_i36833
_f2021-11-10
_g5
_lCCODEBUL1
_mBUL
_r0
_sY
_tBOOK
_u2015-6-25
_xTEOLOGIA
_zUNKNOWN
_0COMPRA
_o.STAFF. Colección General
_d43585
980 _81
_gALBERTO SANCHEZ Responsable de Automatización